| 000 | 00695nam a22002297a 4500 | ||
|---|---|---|---|
| 999 |
_c6308 _d6308 |
||
| 003 | AR-CdUCM | ||
| 008 | 190314b ||||| |||| 00| 0 spa d | ||
| 040 |
_aMUNICIPALIDAD PROVINCIAL DEL CUSCO _cBIBLIOTECA MUNICIPAL DEL CUSCO |
||
| 082 |
_a869.33 / _bC35 |
||
| 100 |
_aastro Z., Oscar _918078 |
||
| 245 | _aCamino en el alba / | ||
| 260 |
_aSantiago de Chile : _bEdit. Nascimiento, _c1938. |
||
| 300 |
_a126 paginas ; _c19 cm. |
||
| 500 | _aDonación familia Nieto | ||
| 505 | _aContenido :Poesía / | ||
| 650 |
_aLiteratura chilena _92985 |
||
| 650 |
_aPoesías _92272 |
||
| 650 |
_aSigloXX _92896 |
||
| 700 |
_aAugusto D'Halmar (prologo) _918079 |
||
| 942 |
_2ddc _cLIBROS |
||
| 945 | _arjall | ||